000
00181 a2200097 4500
041
_a
spa
100
_a
Laura Fernandez
245
_a
Pajaros en la Cabeza
942
_c
BK
952
_7
1
999
_c
24926
_d
24926